Repairing & maintaining yard equipment & power tools / (Record no. 546114)
[ view plain ]
| 000 -LEADER | |
|---|---|
| fixed length control field | 00745cam a2200205 a 4500 |
| 020 ## - INTERNATIONAL STANDARD BOOK NUMBER | |
| International Standard Book Number | 047153501X (acidfree paper) : |
| 082 00 - DEWEY DECIMAL CLASSIFICATION NUMBER | |
| Classification number | 621.9 |
| Author Mark | SCH |
| -- | Donation |
| 100 1# - MAIN ENTRY--PERSONAL NAME | |
| Personal name | Schultz, Mort J. |
| 9 (RLIN) | 42180 |
| 245 10 - TITLE STATEMENT | |
| Title | Repairing & maintaining yard equipment & power tools / |
| Statement of responsibility, etc. | Mort Schultz. |
| 260 ## - PUBLICATION, DISTRIBUTION, ETC. | |
| Place of publication, distribution, etc. | New York : |
| Name of publisher, distributor, etc. | Wiley, |
| Date of publication, distribution, etc. | c1994. |
| 300 ## - PHYSICAL DESCRIPTION | |
| Extent | 192 p. : |
| Other physical details | ill. ; |
| Dimensions | 28 cm. |
| 500 ## - GENERAL NOTE | |
| General note | Includes index. |
| 526 ## - STUDY PROGRAM INFORMATION NOTE | |
| Program name | 0 |
| Interest level | 0 |
| Reading level | 0 |
| Title point value | 621_900000000000000_SCH |
| 650 #0 - SUBJECT ADDED ENTRY--TOPICAL TERM | |
| Topical term or geographic name entry element | Machinery |
| General subdivision | Maintenance and repair. |
| 9 (RLIN) | 35962 |
| 650 #0 - SUBJECT ADDED ENTRY--TOPICAL TERM | |
| Topical term or geographic name entry element | Nust |
| 9 (RLIN) | 6342 |
| 650 #0 - SUBJECT ADDED ENTRY--TOPICAL TERM | |
| Topical term or geographic name entry element | Power tools |
| General subdivision | Maintenance and repair. |
| 9 (RLIN) | 42181 |
| 856 4# - ELECTRONIC LOCATION AND ACCESS | |
| Uniform Resource Identifier | <a href="http://www.loc.gov/catdir/toc/onix02/93029808.html">http://www.loc.gov/catdir/toc/onix02/93029808.html</a> |
| 856 42 - ELECTRONIC LOCATION AND ACCESS | |
| Uniform Resource Identifier | <a href="http://www.loc.gov/catdir/enhancements/fy0706/93029808-d.html">http://www.loc.gov/catdir/enhancements/fy0706/93029808-d.html</a> |
| 942 ## - ADDED ENTRY ELEMENTS (KOHA) | |
| Source of classification or shelving scheme | |
| Koha item type | Book |
| Withdrawn status | Lost status | Source of classification or shelving scheme | Damaged status | Not for loan | Permanent Location | Current Location | Date acquired | Total Checkouts | Full call number | Barcode | Date last seen | Price effective from | Koha item type |
|---|---|---|---|---|---|---|---|---|---|---|---|---|---|
| Military College of Engineering (MCE) | Military College of Engineering (MCE) | 06/03/2014 | 621.9 SCH | MCE-44820 | 06/03/2014 | 06/03/2014 | Book |
